[Event "45. Open de Mislata 2011 - Grupo B"]
[Site "Mislata ESP"]
[Date "2011.08.15"]
[Round "1.1"]
[White "Olaru, Daniel"]
[Black "Cabrera Tormo, Federico"]
[Result "1-0"]
[WhiteElo "2089"]
[BlackElo "1918"]
[PlyCount "45"]
[EventDate "2011.08.15"]
[EventType "swiss"]
[EventRounds "9"]
[EventCountry "ESP"]
[Source "lmi"]
[SourceDate "2011.08.15"]

1. d4 d5 2. Nf3 Nf6 3. Bf4 c6 4. Nbd2 Bf5 5. e3 e6 6. Ne5 Nbd7 7. g4 Be4 8. f3
Bg6 9. h4 h6 10. Nxg6 fxg6 11. Bd3 Kf7 12. c3 Be7 13. Qc2 Nf8 14. O-O-O c5 15.
g5 c4 16. gxf6 cxd3 17. fxe7 dxc2 18. exd8=N+ Rxd8 19. Kxc2 Nd7 20. c4 Rc8 21.
c5 b6 22. b4 b5 23. Nb3 1-0

[Event "45. Open de Mislata 2011 - Grupo B"]
[Site "Mislata ESP"]
[Date "2011.08.15"]
[Round "1.2"]
[White "Nieves Cabanes, Javier"]
[Black "Navarro Diaz, Carles"]
[Result "0-1"]
[WhiteElo "1910"]
[BlackElo "2089"]
[PlyCount "118"]
[EventDate "2011.08.15"]
[EventType "swiss"]
[EventRounds "9"]
[EventCountry "ESP"]
[Source "lmi"]
[SourceDate "2011.08.15"]

1. d4 Nf6 2. c4 g6 3. Nc3 Bg7 4. e4 d6 5. Nf3 O-O 6. Be2 e5 7. O-O Na6 8. Bg5
h6 9. Bh4 Qe8 10. dxe5 dxe5 11. Bxf6 Bxf6 12. Nd5 Bg7 13. c5 Qd7 14. Rc1 c6 15.
Bxa6 bxa6 16. Ne3 Qc7 17. Qa4 Rb8 18. b3 Rb5 19. Qa3 f5 20. Qb2 Qe7 21. Qc3 f4
22. a4 Rb7 23. Nc4 Qxc5 24. Ncxe5 Qxc3 25. Rxc3 Re8 26. Rc5 g5 27. Nxc6 Rxe4
28. Na5 Rb8 29. Rfc1 Bg4 30. Nd2 Re2 31. Rd5 Be6 32. Rd3 Bb2 33. Rf1 Ba3 34.
Nc6 Rc8 35. Nd4 Re5 36. N2f3 Rd5 37. Rfd1 Rcd8 38. Ne1 Bg4 39. f3 Bh5 40. Kf1
Bg6 41. R3d2 Bb4 42. Nc6 Rxd2 43. Rxd2 Rxd2 44. Nxb4 Bf7 45. Nxa6 Bxb3 46. Nc5
Bc4+ 47. Kg1 Ra2 48. h4 gxh4 49. Kh2 Be2 50. Ne6 Rxa4 51. Nc2 Rc4 52. Ncd4 Bd3
53. Kh3 a5 54. Kxh4 a4 55. Kh5 a3 56. Kxh6 a2 57. Nb3 Rc6 58. Kg5 Rxe6 59. Kxf4
Rb6 0-1

[Event "45. Open de Mislata 2011 - Grupo B"]
[Site "Mislata ESP"]
[Date "2011.08.15"]
[Round "1.4"]
[White "Ull Molina, Cristian"]
[Black "Gomez Benitez, David"]
[Result "1/2-1/2"]
[WhiteElo "1907"]
[BlackElo "2088"]
[PlyCount "111"]
[EventDate "2011.08.15"]
[EventType "swiss"]
[EventRounds "9"]
[EventCountry "ESP"]
[Source "lmi"]
[SourceDate "2011.08.15"]

1. e4 d5 2. exd5 Qxd5 3. Nc3 Qd6 4. Bc4 Nf6 5. d3 a6 6. Qf3 Nc6 7. Nge2 Ne5 8.
Qf4 g5 9. Qd4 Nxc4 10. Qxc4 Be6 11. Qd4 Rg8 12. Qxd6 exd6 13. Nd4 Bd7 14. Bd2
O-O-O 15. O-O-O Ng4 16. Rdf1 Re8 17. h4 h6 18. hxg5 hxg5 19. Ne4 Bg7 20. Nf3 f6
21. Bc3 Bc6 22. Rh7 Bxe4 23. dxe4 Rxe4 24. Nxg5 Re7 25. Nh3 Bh6+ 26. Rxh6 Nxh6
27. Bxf6 Rf7 28. Bg5 Nf5 29. Re1 Kd7 30. Kd2 Nd4 31. Be3 Ne6 32. g3 d5 33. c3
Rh7 34. Nf4 Nxf4 35. Bxf4 c6 36. b4 Rg6 37. a4 b6 38. Be3 b5 39. Ra1 Ke6 40. a5
Kf5 41. Re1 Rh2 42. Re2 Rh1 43. Re1 Rxe1 44. Kxe1 Ke4 45. Ke2 Rf6 46. Bd4 Rf7
47. Bc5 Rh7 48. f3+ Kf5 49. Ke3 Rh3 50. g4+ Ke6 51. Bd4 Rh1 52. Kf4 Rh3 53. Ke3
Rh7 54. Kf4 Rf7+ 55. Kg3 Rh7 56. Kg2 1/2-1/2

[Event "45. Open de Mislata 2011 - Grupo B"]
[Site "Mislata ESP"]
[Date "2011.08.15"]
[Round "1.5"]
[White "Segarra Martinez, Axel"]
[Black "Garcia, Cervera Manuel Migu"]
[Result "1-0"]
[WhiteElo "2081"]
[BlackElo "1907"]
[PlyCount "71"]
[EventDate "2011.08.15"]
[EventType "swiss"]
[EventRounds "9"]
[EventCountry "ESP"]
[Source "lmi"]
[SourceDate "2011.08.15"]

1. e4 e6 2. d4 d5 3. Nd2 Nf6 4. e5 Nfd7 5. Bd3 c5 6. c3 Nc6 7. Ne2 cxd4 8. cxd4
f6 9. exf6 Nxf6 10. Nf3 Bd6 11. O-O Qc7 12. Bg5 O-O 13. Bh4 Nh5 14. Qc2 h6 15.
Bh7+ Kh8 16. Bg6 Rxf3 17. gxf3 Bxh2+ 18. Kh1 Nf4 19. Rad1 Qd6 20. Kxh2 Nxg6+
21. Bg3 e5 22. Rfe1 Qf6 23. Qc3 Be6 24. dxe5 Ngxe5 25. f4 Ng4+ 26. Kg1 Qf7 27.
Nd4 Nxd4 28. Qxd4 Nf6 29. Rc1 Ne4 30. Qe5 Re8 31. Rc7 Qg6 32. Re3 Bh3 33. Rxg7
Qxg7 34. Qxe8+ Kh7 35. Qe5 Qg4 36. Qxd5 1-0

[Event "45. Open de Mislata 2011 - Grupo B"]
[Site "Mislata ESP"]
[Date "2011.08.15"]
[Round "1.7"]
[White "Mingarro Carceller, Sergi"]
[Black "Perales Arona, Joaquin"]
[Result "1-0"]
[WhiteElo "2069"]
[BlackElo "1896"]
[PlyCount "71"]
[EventDate "2011.08.15"]
[EventType "swiss"]
[EventRounds "9"]
[EventCountry "ESP"]
[Source "lmi"]
[SourceDate "2011.08.15"]

1. e4 e6 2. d4 d5 3. Nd2 Nf6 4. e5 Nfd7 5. c3 c5 6. Bd3 Nc6 7. Ne2 cxd4 8. cxd4
Qb6 9. Nf3 Bb4+ 10. Bd2 O-O 11. O-O Bxd2 12. Qxd2 Qb4 13. Qc2 h6 14. Rac1 Nb6
15. a3 Qe7 16. Qd2 Bd7 17. Nf4 Rac8 18. Nh5 Be8 19. Bb1 Nd7 20. b4 a6 21. Rfe1
f6 22. exf6 Nxf6 23. Ng3 Qd7 24. Ne5 Nxe5 25. dxe5 Rxc1 26. Qxc1 Nh5 27. Nxh5
Bxh5 28. Qc2 Qc8 29. Qh7+ Kf7 30. g4 Qc3 31. Re3 Qc1+ 32. Kg2 Ke7 33. gxh5 Qd2
34. Qxg7+ Rf7 35. Qg3 Rf5 36. Bxf5 1-0

[Event "45. Open de Mislata 2011 - Grupo B"]
[Site "Mislata ESP"]
[Date "2011.08.15"]
[Round "1.8"]
[White "R-Alonso Igual, Ignacio"]
[Black "Remolar Gallen, Jose"]
[Result "0-1"]
[WhiteElo "1864"]
[BlackElo "2068"]
[PlyCount "64"]
[EventDate "2011.08.15"]
[EventType "swiss"]
[EventRounds "9"]
[EventCountry "ESP"]
[Source "lmi"]
[SourceDate "2011.08.15"]

1. d4 Nf6 2. Bg5 c6 3. c3 d5 4. Nf3 Qb6 5. Qb3 Bf5 6. Nbd2 e6 7. e3 Nbd7 8.
Qxb6 axb6 9. Be2 b5 10. O-O Nb6 11. Bxf6 gxf6 12. Nh4 Bg6 13. Nxg6 hxg6 14. h3
f5 15. b3 Ba3 16. Rab1 Ra7 17. b4 Ke7 18. Bd1 Nc4 19. Nxc4 bxc4 20. Bc2 b6 21.
Rfe1 Kd6 22. Re2 c5 23. dxc5+ bxc5 24. bxc5+ Kxc5 25. Rd2 Rd8 26. Rbd1 Rb8 27.
Rb1 Rb2 28. Rxb2 Bxb2 29. Bb1 Bxc3 30. Rc2 Rb7 31. Rxc3 Rxb1+ 32. Kh2 Kb4 0-1

[Event "45. Open de Mislata 2011 - Grupo B"]
[Site "Mislata ESP"]
[Date "2011.08.15"]
[Round "1.9"]
[White "De Pablos Fernandez, Mariano"]
[Black "Sanchez Dengra, Barbara"]
[Result "1/2-1/2"]
[WhiteElo "2051"]
[BlackElo "1862"]
[PlyCount "77"]
[EventDate "2011.08.15"]
[EventType "swiss"]
[EventRounds "9"]
[EventCountry "ESP"]
[Source "lmi"]
[SourceDate "2011.08.15"]

1. e4 c6 2. d4 d5 3. e5 c5 4. Nf3 Nc6 5. dxc5 Bg4 6. Be2 e6 7. O-O Bxc5 8. Bf4
Bxf3 9. Bxf3 Bd4 10. Nc3 Nge7 11. Nb5 Bxe5 12. Bxe5 Nxe5 13. Re1 Nxf3+ 14. Qxf3
a6 15. Nd4 O-O 16. c3 b5 17. Qg4 Ng6 18. g3 Qf6 19. h4 Ne5 20. Qe2 Nc4 21. Rad1
Rfc8 22. h5 Rab8 23. Rd3 b4 24. Rf3 Qh6 25. cxb4 Rxb4 26. Nf5 Qg5 27. b3 Nd2
28. Ne7+ Qxe7 29. Qxd2 Rb5 30. h6 Qb4 31. Rc1 Rxc1+ 32. Qxc1 gxh6 33. Qxh6 Qe1+
34. Kh2 Qe5 35. Rf4 Rb8 36. Rh4 Qf5 37. Rf4 Qe5 38. Rh4 Qf5 39. Rf4 1/2-1/2

[Event "45. Open de Mislata 2011 - Grupo B"]
[Site "Mislata ESP"]
[Date "2011.08.15"]
[Round "1.10"]
[White "Pradas Soria, Ernesto"]
[Black "Aparisi Arnandis, Bernardo"]
[Result "0-1"]
[WhiteElo "1857"]
[BlackElo "2040"]
[PlyCount "82"]
[EventDate "2011.08.15"]
[EventType "swiss"]
[EventRounds "9"]
[EventCountry "ESP"]
[Source "lmi"]
[SourceDate "2011.08.15"]

1. d4 Nf6 2. c4 e6 3. Nc3 Bb4 4. Nf3 d5 5. cxd5 exd5 6. Bg5 c6 7. Qc2 h6 8. Bh4
Nbd7 9. e3 Qa5 10. Bd3 O-O 11. O-O Re8 12. Bxf6 Nxf6 13. Ne5 Re7 14. h3 Be6 15.
f4 a6 16. Rae1 c5 17. Kh1 cxd4 18. exd4 Qc7 19. Qf2 Bd7 20. Nxd7 Qxd7 21. Rxe7
Bxe7 22. Qf3 Rd8 23. g4 Ne8 24. Re1 Bb4 25. Bb1 Bxc3 26. bxc3 Nf6 27. Re5 Re8
28. g5 hxg5 29. fxg5 Rxe5 30. dxe5 Ne4 31. Bxe4 dxe4 32. Qxe4 Qxh3+ 33. Kg1
Qg3+ 34. Kf1 Qxg5 35. Ke2 Qe7 36. Qd5 g6 37. c4 Kg7 38. c5 Qe6 39. Qxe6 fxe6
40. Kf3 g5 41. a4 Kg6 0-1

[Event "45. Open de Mislata 2011 - Grupo B"]
[Site "Mislata ESP"]
[Date "2011.08.16"]
[Round "2.1"]
[White "Machin Arbelo, Pedro Alexis"]
[Black "Olaru, Daniel"]
[Result "1-0"]
[WhiteElo "2006"]
[BlackElo "2089"]
[PlyCount "145"]
[EventDate "2011.08.15"]
[EventType "swiss"]
[EventRounds "9"]
[EventCountry "ESP"]
[Source "lmi"]
[SourceDate "2011.08.15"]

1. e4 g6 2. d4 Bg7 3. Be2 d6 4. Nc3 a6 5. Be3 Nd7 6. Nf3 b5 7. a4 b4 8. Na2 Rb8
9. c3 bxc3 10. bxc3 Bb7 11. Qc2 Ngf6 12. d5 c6 13. Rb1 cxd5 14. Ba7 dxe4 15.
Nd4 Ba8 16. Bxb8 Nxb8 17. Qb3 O-O 18. O-O Nfd7 19. Nb4 Nc5 20. Qa2 Qa5 21. Rfc1
Qxa4 22. Ra1 Qxa2 23. Rxa2 Bb7 24. Rb1 Rc8 25. Ra3 e6 26. Kf1 Bf8 27. Nbc2 Bd5
28. Nb4 Bb7 29. Nbc2 e5 30. Nb3 Nd3 31. Nd2 Bd5 32. Ne3 Be6 33. Nxe4 d5 34.
Nf6+ Kg7 35. Rab3 Nc6 36. Nfxd5 Nc5 37. Rb6 f5 38. Bxa6 Nxa6 39. Rxa6 f4 40.
Rb7+ Kh6 41. Nc7 Nd8 42. Nxe6 Nxb7 43. Ng4+ Kh5 44. Nxe5 Nc5 45. Nxc5 Bxc5 46.
Rc6 Rxc6 47. Nxc6 Kg5 48. Ke2 Kf5 49. Kf3 g5 50. h3 h5 51. Nb4 g4+ 52. hxg4+
hxg4+ 53. Ke2 Ke4 54. f3+ gxf3+ 55. gxf3+ Kf5 56. Kd3 Ke5 57. Kc4 Be3 58. Nc6+
Kd6 59. Nd4 Bf2 60. Ne2 Be3 61. Nd4 Bf2 62. Kd3 Ke5 63. Nc6+ Kd6 64. Nb4 Ke5
65. Kc4 Be3 66. Kb5 Bd2 67. c4 Kd4 68. c5 Bxb4 69. Kxb4 Ke3 70. c6 Kxf3 71. c7
Kg2 72. c8=Q f3 73. Qg4+ 1-0

[Event "45. Open de Mislata 2011 - Grupo B"]
[Site "Mislata ESP"]
[Date "2011.08.16"]
[Round "2.2"]
[White "Navarro Diaz, Carles"]
[Black "Miranda Gonzalez, Jose Luis"]
[Result "0-1"]
[WhiteElo "2089"]
[BlackElo "1991"]
[PlyCount "78"]
[EventDate "2011.08.15"]
[EventType "swiss"]
[EventRounds "9"]
[EventCountry "ESP"]
[Source "lmi"]
[SourceDate "2011.08.15"]

1. e4 c6 2. d4 d5 3. Nc3 dxe4 4. Nxe4 Bf5 5. Ng3 Bg6 6. h4 h6 7. h5 Bh7 8. Nf3
Nd7 9. Bd3 Bxd3 10. Qxd3 Qc7 11. Rh4 Ngf6 12. Bf4 Qa5+ 13. Bd2 Qc7 14. O-O-O
O-O-O 15. Qa3 a6 16. Ba5 b6 17. Bb4 Nb8 18. Ne5 e6 19. Bxf8 Rhxf8 20. Qc3 Kb7
21. Ne4 Nxe4 22. Rxe4 Rd5 23. Rde1 Nd7 24. Nxf7 Rf5 25. Qh3 R8xf7 26. Rxe6 Qf4+
27. Kb1 Qxd4 28. a3 Rb5 29. b3 Rxf2 30. Qg3 Qd2 31. Rc1 Rg5 32. Qh3 Rf7 33.
Ree1 Qxg2 34. Qe6 Qd5 35. Qe8 Nf6 36. Qh8 Qd7 37. Re3 Re7 38. Rd3 Rd5 39. Rg3
Nxh5 0-1

[Event "45. Open de Mislata 2011 - Grupo B"]
[Site "Mislata ESP"]
[Date "2011.08.16"]
[Round "2.3"]
[White "Tortosa Fito, Sergio"]
[Black "Fernandez Soriano, Ruben"]
[Result "0-1"]
[WhiteElo "1982"]
[BlackElo "2088"]
[PlyCount "82"]
[EventDate "2011.08.15"]
[EventType "swiss"]
[EventRounds "9"]
[EventCountry "ESP"]
[Source "lmi"]
[SourceDate "2011.08.15"]

1. e4 d5 2. exd5 Nf6 3. d4 Nxd5 4. c4 Nf6 5. Be2 c6 6. Nf3 Bf5 7. Nc3 e6 8. O-O
Bd6 9. Bg5 h6 10. Bh4 Nbd7 11. d5 Qc7 12. Bg3 e5 13. Nh4 Bh7 14. dxc6 bxc6 15.
Re1 O-O 16. Bd3 g6 17. Qd2 Kg7 18. Rad1 Bc5 19. Nf3 Rfe8 20. Na4 Bf8 21. Qc3
Bd6 22. c5 Nd5 23. Qd2 Bf8 24. Bc4 f6 25. b4 Rad8 26. Qb2 Bg8 27. Qb3 Qb7 28.
a3 a5 29. Nc3 Nb8 30. Rb1 axb4 31. axb4 Na6 32. Nxd5 Bxd5 33. Bxd5 Rxd5 34. Qc4
Nc7 35. Nxe5 fxe5 36. Rxe5 Rexe5 37. Bxe5+ Kh7 38. Re1 Nb5 39. Qf4 Bg7 40. Bd6
Nxd6 41. cxd6 Qd7 0-1

[Event "45. Open de Mislata 2011 - Grupo B"]
[Site "Mislata ESP"]
[Date "2011.08.16"]
[Round "2.4"]
[White "Llamazares Lopez, Marcos"]
[Black "Segarra Martinez, Axel"]
[Result "1/2-1/2"]
[WhiteElo "1969"]
[BlackElo "2081"]
[PlyCount "126"]
[EventDate "2011.08.15"]
[EventType "swiss"]
[EventRounds "9"]
[EventCountry "ESP"]
[Source "lmi"]
[SourceDate "2011.08.15"]

1. c4 Nf6 2. Nc3 d5 3. cxd5 Nxd5 4. e4 Nf6 5. Bc4 e6 6. Nf3 Be7 7. O-O O-O 8.
d4 c5 9. Be3 cxd4 10. Nxd4 Qc7 11. Bb3 Nc6 12. Qf3 Rd8 13. Nxc6 bxc6 14. Rac1
Ba6 15. Rfe1 Qe5 16. Bf4 Qh5 17. Qxh5 Nxh5 18. Be3 Nf6 19. f3 Bb4 20. Red1 Nd7
21. Bc2 Nb6 22. a3 Be7 23. Na4 Nc4 24. Bc5 Bf6 25. b3 Nb2 26. Nxb2 Bxb2 27.
Rxd8+ Rxd8 28. Rd1 Rxd1+ 29. Bxd1 e5 30. Bxa7 Bxa3 31. Kf2 Kf8 32. Be2 Bb5 33.
Bxb5 cxb5 34. Ke3 Ke7 35. Kd3 Bb4 36. Be3 Kd6 37. g4 g6 38. Bh6 Ke6 39. Be3 h5
40. h3 Kd6 41. Bh6 Be1 42. Be3 Kc6 43. Ke2 Ba5 44. Kd3 Bb4 45. Bg5 Bc5 46. Bf6
Bd4 47. f4 Kd6 48. f5 Kc5 49. Be7+ Kb6 50. Bb4 Bc5 51. Bc3 Bd6 52. Bd2 Kc5 53.
b4+ Kc6 54. gxh5 gxh5 55. Ke2 Be7 56. Kf3 Bh4 57. Be3 Kd7 58. Bc5 Ke8 59. Bd6
Be1 60. Ke2 Bg3 61. Kf3 Bf4 62. Bc5 Bg5 63. Kg3 f6 1/2-1/2

[Event "45. Open de Mislata 2011 - Grupo B"]
[Site "Mislata ESP"]
[Date "2011.08.16"]
[Round "2.5"]
[White "Almagro Fernandez, Antonio"]
[Black "Mingarro Carceller, Sergi"]
[Result "0-1"]
[WhiteElo "1964"]
[BlackElo "2069"]
[PlyCount "74"]
[EventDate "2011.08.15"]
[EventType "swiss"]
[EventRounds "9"]
[EventCountry "ESP"]
[Source "lmi"]
[SourceDate "2011.08.15"]

1. e4 Nf6 2. d3 d5 3. Nd2 e5 4. Ngf3 Nc6 5. Be2 Bc5 6. c3 a5 7. exd5 Qxd5 8.
Nb3 Be7 9. Be3 a4 10. c4 Qd8 11. Nc5 a3 12. bxa3 Rxa3 13. O-O O-O 14. Qc1 Ra8
15. Rd1 Nd4 16. Bxd4 exd4 17. Nb3 c5 18. Qd2 Qc7 19. Re1 Re8 20. h3 h6 21. Bf1
Be6 22. g4 Nh7 23. Ne5 Bd6 24. f4 Nf8 25. Qg2 f6 26. g5 hxg5 27. fxg5 Bxe5 28.
Rxe5 Qxe5 29. gxf6 Qxf6 30. Qxb7 Qg5+ 31. Bg2 Rac8 32. Rf1 Ng6 33. Kh1 Nh4 34.
Rg1 Nxg2 35. Rxg2 Qh6 36. Rh2 Bf7 37. Qf3 Qc6 0-1

[Event "45. Open de Mislata 2011 - Grupo B"]
[Site "Mislata ESP"]
[Date "2011.08.16"]
[Round "2.6"]
[White "Remolar Gallen, Jose"]
[Black "Albert Garrote, Amadeo"]
[Result "1-0"]
[WhiteElo "2068"]
[BlackElo "1896"]
[PlyCount "61"]
[EventDate "2011.08.15"]
[EventType "swiss"]
[EventRounds "9"]
[EventCountry "ESP"]
[Source "lmi"]
[SourceDate "2011.08.15"]

1. e4 c5 2. Nf3 e6 3. b4 Nc6 4. bxc5 Bxc5 5. d4 Bf8 6. c3 a6 7. a4 b6 8. Bd3
Bb7 9. O-O Qc7 10. Ba3 Nge7 11. Qe2 Ng6 12. g3 h5 13. h4 Be7 14. Nbd2 Rh6 15.
Bxe7 Ncxe7 16. Rfc1 Ng8 17. Rab1 N6e7 18. Nc4 Nc8 19. Ne3 Nf6 20. Ng5 Nh7 21.
Nxh7 Rxh7 22. c4 Rh6 23. c5 Qd8 24. cxb6 a5 25. Rc7 Rb8 26. Bb5 Bxe4 27. Rxd7
Qxd7 28. Bxd7+ Kxd7 29. Qb5+ Bc6 30. Qe5 Nd6 31. Nc4 1-0

[Event "45. Open de Mislata 2011 - Grupo B"]
[Site "Mislata ESP"]
[Date "2011.08.16"]
[Round "2.7"]
[White "Aparisi Arnandis, Bernardo"]
[Black "Bas Mas, Miguel"]
[Result "1/2-1/2"]
[WhiteElo "2040"]
[BlackElo "1830"]
[PlyCount "109"]
[EventDate "2011.08.15"]
[EventType "swiss"]
[EventRounds "9"]
[EventCountry "ESP"]
[Source "lmi"]
[SourceDate "2011.08.15"]

1. d4 Nf6 2. e3 g6 3. Bd3 d5 4. f4 Bg7 5. Nf3 O-O 6. O-O b6 7. Nbd2 Bb7 8. Qe1
c5 9. c3 Nbd7 10. Qh4 e6 11. Ne5 Ne4 12. Qh3 Ndf6 13. g4 Ne8 14. Nef3 N8d6 15.
Ne5 Rc8 16. g5 Bxe5 17. dxe5 Nf5 18. Qf3 Nxd2 19. Bxd2 Qc7 20. e4 dxe4 21. Bxe4
Bxe4 22. Qxe4 Qc6 23. Qxc6 Rxc6 24. Rfd1 Rd8 25. Be1 Rcc8 26. Bf2 Ne7 27. Kg2
Kf8 28. Kf3 Ke8 29. a4 Rxd1 30. Rxd1 Rd8 31. Rxd8+ Kxd8 32. Be3 Kc7 33. Ke4 Nd5
34. Bd2 Kc6 35. Kd3 a6 36. b4 cxb4 37. cxb4 Ne7 38. Kc4 b5+ 39. axb5+ axb5+ 40.
Kd4 Nf5+ 41. Ke4 Ne7 42. Kd4 Nc8 43. Be3 Nb6 44. Bd2 Nc4 45. Bc1 Nb6 46. Be3
Nd7 47. Bc1 Nb8 48. Be3 Na6 49. Bd2 Nc7 50. Be3 Nd5 51. Bd2 Kb6 52. Ke4 Kc6 53.
Kd4 Ne7 54. Ke4 Nf5 55. Be1 1/2-1/2

[Event "45. Open de Mislata 2011 - Grupo B"]
[Site "Mislata ESP"]
[Date "2011.08.16"]
[Round "2.8"]
[White "Moya Sapena, Juan"]
[Black "Zaragoza Montesinos, Ignasi"]
[Result "1/2-1/2"]
[WhiteElo "1936"]
[BlackElo "2033"]
[PlyCount "51"]
[EventDate "2011.08.15"]
[EventType "swiss"]
[EventRounds "9"]
[EventCountry "ESP"]
[Source "lmi"]
[SourceDate "2011.08.15"]

1. d4 Nf6 2. Nf3 e6 3. Bf4 b6 4. e3 Bb7 5. Nbd2 Be7 6. c3 d6 7. h3 O-O 8. Be2
Nbd7 9. O-O Ne4 10. Nxe4 Bxe4 11. Nd2 Bb7 12. Bf3 Qc8 13. Re1 e5 14. Bg3 f5 15.
Qb3+ Rf7 16. Rad1 Bxf3 17. Nxf3 e4 18. Nd2 Nf8 19. f3 exf3 20. Nxf3 Qe6 21.
Qxe6 Nxe6 22. e4 fxe4 23. Rxe4 Ng5 24. Nxg5 Bxg5 25. Rde1 Raf8 26. R4e2 1/2-1/2

[Event "45. Open de Mislata 2011 - Grupo B"]
[Site "Mislata ESP"]
[Date "2011.08.16"]
[Round "2.9"]
[White "Castilla Arteaga, Carlos David"]
[Black "Sos Andreu, Erik"]
[Result "0-1"]
[WhiteElo "1764"]
[BlackElo "2025"]
[PlyCount "84"]
[EventDate "2011.08.15"]
[EventType "swiss"]
[EventRounds "9"]
[EventCountry "ESP"]
[Source "lmi"]
[SourceDate "2011.08.15"]

1. e4 c6 2. Nc3 d5 3. Nf3 Bg4 4. h3 Bxf3 5. Qxf3 e6 6. exd5 cxd5 7. Bb5+ Nc6 8.
O-O Nf6 9. Re1 Be7 10. b3 Rc8 11. Ne2 Qb6 12. Bxc6+ Rxc6 13. c3 O-O 14. Ng3
Rfc8 15. Bb2 Bc5 16. d4 Bd6 17. Nh5 Nxh5 18. Qxh5 Qa6 19. Qe2 Qa5 20. a4 Qd8
21. Qe3 a5 22. Rab1 Rb8 23. Rec1 Rbc8 24. Rc2 h6 25. Qd2 Qe7 26. Ba1 Qh4 27.
Qe2 h5 28. c4 Qf4 29. g3 Qf5 30. Kg2 dxc4 31. bxc4 Rxc4 32. Rxc4 Qd5+ 33. Kh2
Rxc4 34. Rb5 Qc6 35. Bb2 h4 36. Rc5 Rxc5 37. dxc5 Qxc5 38. Qd2 hxg3+ 39. fxg3
Bc7 40. Bd4 Qc4 41. Bb2 Qb3 42. Qd4 Qxg3+ 0-1

[Event "45. Open de Mislata 2011 - Grupo B"]
[Site "Mislata ESP"]
[Date "2011.08.16"]
[Round "2.10"]
[White "Gomez Benitez, David"]
[Black "Orantes Taboada, Manuel"]
[Result "1/2-1/2"]
[WhiteElo "2088"]
[BlackElo "1846"]
[PlyCount "106"]
[EventDate "2011.08.15"]
[EventType "swiss"]
[EventRounds "9"]
[EventCountry "ESP"]
[Source "lmi"]
[SourceDate "2011.08.15"]

1. e4 d6 2. d4 Nf6 3. Nc3 g6 4. Be2 Bg7 5. g4 c6 6. g5 Nfd7 7. Be3 b5 8. h4 h5
9. gxh6 Bxh6 10. Bxh6 Rxh6 11. Qd2 Rh8 12. d5 a6 13. Nf3 c5 14. Ng5 Nf6 15.
O-O-O Nbd7 16. f4 Qa5 17. e5 dxe5 18. fxe5 Nxe5 19. Qf4 Nfd7 20. Rhf1 f6 21.
Ne6 Nf8 22. Nxc5 Bf5 23. d6 Rc8 24. Nb3 Qb6 25. Nd4 Ne6 26. Nxe6 Bxe6 27. dxe7
Bf5 28. Rd2 Qc6 29. Qb4 Rh7 30. Nxb5 Rxe7 31. Nd6+ Kf8 32. Nxc8 Qxc8 33. Rfd1
Kf7 34. h5 g5 35. Qb3+ Kg7 36. Rd8 Qe6 37. h6+ Kxh6 38. Rh1+ Kg7 39. Qxe6 Rxe6
40. a4 Nf7 41. Rd2 Be4 42. Rg1 f5 43. Bc4 Rc6 44. Bxf7 Kxf7 45. Rxg5 Kf6 46.
Rh5 Kg6 47. Rdh2 Rxc2+ 48. Rxc2 Kxh5 49. Rc3 Kg4 50. b4 f4 51. Kd1 f3 52. Rc4
Kf5 53. Rxe4 Kxe4 1/2-1/2

[Event "45. Open de Mislata 2011 - Grupo B"]
[Site "Mislata ESP"]
[Date "2011.08.16"]
[Round "3.1"]
[White "Fernandez Soriano, Ruben"]
[Black "Sos Andreu, Erik"]
[Result "1/2-1/2"]
[WhiteElo "2088"]
[BlackElo "2025"]
[PlyCount "36"]
[EventDate "2011.08.15"]
[EventType "swiss"]
[EventRounds "9"]
[EventCountry "ESP"]
[Source "lmi"]
[SourceDate "2011.08.15"]

1. Nf3 Nf6 2. d4 g6 3. c4 Bg7 4. Nc3 O-O 5. Bg5 d6 6. e3 c5 7. d5 Qa5 8. Nd2 a6
9. a4 e6 10. Bf4 e5 11. Bg5 Qc7 12. Be2 h6 13. Bh4 Nh7 14. f3 b6 15. Qc2 f5 16.
Bf2 Nd7 17. e4 f4 18. Na2 Ndf6 1/2-1/2

[Event "45. Open de Mislata 2011 - Grupo B"]
[Site "Mislata ESP"]
[Date "2011.08.16"]
[Round "3.2"]
[White "Mingarro Carceller, Sergi"]
[Black "Machin Arbelo, Pedro Alexis"]
[Result "1/2-1/2"]
[WhiteElo "2069"]
[BlackElo "2006"]
[PlyCount "67"]
[EventDate "2011.08.15"]
[EventType "swiss"]
[EventRounds "9"]
[EventCountry "ESP"]
[Source "lmi"]
[SourceDate "2011.08.15"]

1. e4 c5 2. Nf3 e6 3. d4 cxd4 4. Nxd4 Nf6 5. Nc3 Bb4 6. e5 Nd5 7. Bd2 Bxc3 8.
bxc3 O-O 9. c4 Ne7 10. Bd3 d6 11. exd6 Qxd6 12. Bc3 Ng6 13. O-O Nc6 14. Nxc6
Qxc6 15. Qe2 f5 16. f4 b6 17. Rae1 Re8 18. Qf2 Bb7 19. Qg3 b5 20. Kh1 bxc4 21.
Be2 Qc7 22. Bh5 Qf7 23. Rb1 Be4 24. Qf2 Rab8 25. Be5 Rxb1 26. Rxb1 Qd7 27. h3
Rd8 28. Rd1 Bd5 29. Bf3 Nxe5 30. fxe5 Qb7 31. Bxd5 Rxd5 32. Rxd5 Qxd5 33. Qxa7
Qxe5 34. Qa4 1/2-1/2

[Event "45. Open de Mislata 2011 - Grupo B"]
[Site "Mislata ESP"]
[Date "2011.08.16"]
[Round "3.3"]
[White "Miranda Gonzalez, Jose Luis"]
[Black "Remolar Gallen, Jose"]
[Result "0-1"]
[WhiteElo "1991"]
[BlackElo "2068"]
[PlyCount "83"]
[EventDate "2011.08.15"]
[EventType "swiss"]
[EventRounds "9"]
[EventCountry "ESP"]
[Source "lmi"]
[SourceDate "2011.08.15"]

1. e4 g6 2. d4 c6 3. Nf3 d5 4. e5 Nh6 5. Bd3 Bg7 6. O-O O-O 7. Re1 f6 8. exf6
exf6 9. c4 Re8 10. Rxe8+ Qxe8 11. cxd5 cxd5 12. Qb3 Qf7 13. Nc3 Be6 14. Nb5 Nc6
15. Nd6 Qe7 16. Qxb7 Qxb7 17. Nxb7 Bg4 18. Be2 Re8 19. Kf1 Nf5 20. h3 Nfxd4 21.
hxg4 Rxe2 22. Bd2 Re7 23. Nxd4 Nxd4 24. Nc5 Nc6 25. Rd1 Ne5 26. Bf4 Nxg4 27.
Rxd5 Kf7 28. Bd6 Re8 29. Bc7 f5 30. Rd7+ Re7 31. Rxe7+ Kxe7 32. b4 Bd4 33. Nd3
Kd7 34. Bb8 Kc6 35. a4 Kd5 36. Ke2 Nf6 37. f3 Kc4 38. Bd6 Nd5 39. a5 a6 40. g4
fxg4 41. fxg4 Nc3+ 42. Kd2 0-1

[Event "45. Open de Mislata 2011 - Grupo B"]
[Site "Mislata ESP"]
[Date "2011.08.16"]
[Round "3.5"]
[White "Folch Zaragoza, Jose"]
[Black "Martinez Ramon, Senen"]
[Result "1-0"]
[WhiteElo "1954"]
[BlackElo "2049"]
[PlyCount "89"]
[EventDate "2011.08.15"]
[EventType "swiss"]
[EventRounds "9"]
[EventCountry "ESP"]
[Source "lmi"]
[SourceDate "2011.08.15"]

1. e4 Nf6 2. Nc3 d5 3. e5 Nfd7 4. f4 e6 5. Nf3 c5 6. Bb5 a6 7. Bxd7+ Bxd7 8. d3
b5 9. O-O Be7 10. Qe1 Nc6 11. Qg3 g6 12. Bd2 Qb6 13. Kh1 Nb4 14. Rac1 Rc8 15.
a3 Nc6 16. Ne2 c4 17. d4 b4 18. Rb1 a5 19. Ng5 Rb8 20. a4 b3 21. c3 Na7 22. Ra1
Qd8 23. Rfe1 Nc8 24. f5 gxf5 25. Nxh7 Bc6 26. Qg7 Kd7 27. Qxf7 Kc7 28. Nf4 Qe8
29. Nxe6+ Kb6 30. Qxf5 Bd7 31. Nf6 Bxf6 32. exf6 Qh5 33. Qxh5 Rxh5 34. f7 Nd6
35. f8=Q Rxf8 36. Nxf8 Bf5 37. Re5 Ne4 38. Be1 Kc6 39. Ne6 Bg4 40. Rxh5 Bxh5
41. Nc5 Nd6 42. h3 Be8 43. g4 Bg6 44. Bg3 Nf7 45. Bf4 1-0